| 000 | 02153cam a2200325 4500500 | ||
|---|---|---|---|
| 005 | 20260322002502.0 | ||
| 041 | _afre | ||
| 042 | _adc | ||
| 100 | 1 | 0 |
_aBréchat, Pierre-Henri _eauthor |
| 700 | 1 | 0 |
_aBérard, Alain _eauthor |
| 700 | 1 | 0 |
_aMagnin-Feysot, Christian _eauthor |
| 700 | 1 | 0 |
_aSegouin, Christophe _eauthor |
| 700 | 1 | 0 |
_aBertrand, Dominique _eauthor |
| 245 | 0 | 0 | _aUsers and Health Policies: Assessment and Perspectives |
| 260 | _c2006. | ||
| 500 | _a62 | ||
| 520 | _aThe French public power-base imagined that the involvement and participation of consumers in decision-making could render the debates on health policies more transparent when faced with the opposing professional and techno-administrative logics. One could also ask oneself what is the true reality of this participation. The research strategy is based on the intersection and overlap of data resulting from the analysis of minutes reported from semi-guided interviews with regional and national referential persons, consumers and from documents concerning the construction and implementation of national, regional and local health policies. This study demonstrates that, from 1996 to 2002, consumers were associated with and implicated in the development and implementation of national, regional and local health policies. Exemplary success stories exist which testify to the possibility of anchoring a democratic consultation model in health institutions irrespective of the level of decision-making, application or operationalisation. Recommendations are proposed in order to strengthen these dynamic forces and relationships. | ||
| 690 | _acitizens | ||
| 690 | _aconsumers | ||
| 690 | _aconsumers' association representative | ||
| 690 | _aelected officials | ||
| 690 | _ahealt | ||
| 690 | _ahealth policy | ||
| 690 | _ahealth priorities | ||
| 690 | _anational health programme | ||
| 690 | _aregional health conference | ||
| 690 | _aregional health programme | ||
| 786 | 0 | _nSanté Publique | 18 | 2 | 2006-06-01 | p. 245-262 | 0995-3914 | |
| 856 | 4 | 1 | _uhttps://stm.cairn.info/journal-sante-publique-2006-2-page-245?lang=en&redirect-ssocas=7080 |
| 999 |
_c1723813 _d1723813 |
||